LIBRARY & INFORMATION CENTRE, KCAET, TAVANUR

ONLINE PUBLIC ACCESS CATALOGUE (OPAC)

The Notebooks of Samuel Taylor Coleridge, Volume.2 (Record no. 16174)

MARC details
000 -LEADER
fixed length control field 00248nam a22000977a 4500
003 - CONTROL NUMBER IDENTIFIER
control field OSt
008 - FIXED-LENGTH DATA ELEMENTS--GENERAL INFORMATION
fixed length control field 200615b ||||| |||| 00| 0 eng d
100 ## - MAIN ENTRY--AUTHOR NAME
Personal name Kathleen Coburn
245 ## - TITLE STATEMENT
Title The Notebooks of Samuel Taylor Coleridge, Volume.2
942 ## - ADDED ENTRY ELEMENTS (KOHA)
Koha item type Books
Holdings
Withdrawn status Lost status Damaged status Home library Current library Date acquired Cost, normal purchase price Accession Number Koha item type Public note
Withdrawn     KAUAET Malayalam University 15/06/2020 45.00 6840 Books Transferred to Malayalam University
free website counter